| 000 | 01009nam a22002897a 4500 | ||
|---|---|---|---|
| 001 | 5032 | ||
| 003 | FISKH | ||
| 005 | 20241101113112.0 | ||
| 008 | 241101b cb ||||| |||| 00| 0 eng d | ||
| 020 | _a9781407109374 | ||
| 040 |
_aFISKH _beng _cFISKH _dFISKH |
||
| 050 | _aPZ7.C6837 | ||
| 082 | _a813.6 | ||
| 100 | _aCollins, Suzanne | ||
| 245 |
_aMockingjay / _cby Suzanne Collins |
||
| 260 |
_aNew York : _bScholastic ; _c2010 . |
||
| 300 |
_a441 pages : _billustrations ; _c20 cm . |
||
| 490 |
_aThe Hunger Games _vBook 3 |
||
| 505 | _aT | ||
| 520 | _aKatniss Everdeen's having survived the Hunger games twice makes her a target of the Capitol and President Snow, as well as a hero to the rebels who will succeed only if Katniss is willing to put aside her personal feelings and serve as their pawn. | ||
| 521 | 8 |
_a800
_bLexile |
|
| 521 | 8 |
_aT
_bRaz-Plus |
|
| 650 |
_adystopian _vscience fiction |
||
| 700 |
_aCarolyn, McCormick _eeditor |
||
| 942 |
_2ddc _cBK _n0 |
||
| 999 |
_c5032 _d5032 |
||